000 01066cam a2200313 4500
999 _c8483
_d8483
001 793154
003 OSt
005 20191101171701.0
008 740713s1973 enkabh 001 0 eng
010 _a 74167395
015 _aGB73-29090
020 _a085648010X
040 _aDLC
_cDLC
_dDLC
050 0 0 _aBS417
_b.E35 1973b
082 0 0 _a220/.02/02
240 0 0 _aEerdmans' handbook to the Bible
245 0 4 _aThe Lion handbook to the Bible,
_cedited and produced by David and Pat Alexander; consulting editors David Field [and others]
260 _aBerkhamsted,
_bLion Publishing,
_c1973.
300 _a680 p.
_billus. (chiefly col.), facsims., col. maps.
_c23 cm.
350 _a£3.75
500 _aAmerican ed. published under title: Eerdmans' handbook to the Bible.
500 _aIncludes index.
630 0 0 _aBible
_vHandbooks, manuals, etc.
700 1 _aAlexander, David,
_d1937-2002,
_eed.
700 1 _aAlexander, Pat,
_d1937-
_eed.
740 0 _aHandbook to the Bible.
906 _a7
_bcbc
_corignew
_d4
_encip
_f19
_gy-gencatlg
942 _2ddc
_cBK